Venise (Record no. 4803)

MARC details
000 -CABECERA
campo de control de longitud fija 00964nam a2200289 a 4500
001 - NÚMERO DE CONTROL
campo de control BRCA_5109
005 - FECHA Y HORA DE LA ÚLTIMA TRANSACCIÓN
campo de control 20190320204937.0
008 - DATOS DE LONGITUD FIJA--INFORMACIÓN GENERAL
campo de control de longitud fija 181110s1895----fr-a######---#000-0#fre-#
041 ## - CÓDIGO DE LENGUA
Código de lengua del texto/banda sonora o título independiente fre
044 ## - CÓDIGO DEL PAÍS DE LA ENTIDAD EDITORA/PRODUCTORA
Código MARC del país fr
050 #4 - SIGNATURA TOPOGRÁFICA DE LA BIBLIOTECA DEL CONGRESO
Número de clasificación ND621.V4
Número de documento/Ítem .L34 1895
100 1# - ENTRADA PRINCIPAL--NOMBRE DE PERSONA
Nombre de persona Lafenestre, Georges
Fechas asociadas al nombre 1837-1919
9 (RLIN) 13029
245 10 - MENCIÓN DE TÍTULO
Título Venise
Mención de responsabilidad, etc. par Georges Lafenestre et Eugéne Richtenberger.
260 ## - PUBLICACIÓN, DISTRIBUCIÓN, ETC.
Lugar de publicación, distribución, etc. París
Nombre del editor, distribuidor, etc. Librairies-Imprimeries Reúnies
Fecha de publicación, distribución, etc. [1895?]
300 ## - DESCRIPCIÓN FÍSICA
Extensión xxiii, 363 p.
Otras características físicas il.
Dimensiones 19 cm.
440 #0 - MENCIÓN DE SERIE/PUNTO DE ACCESO ADICIONAL--TÍTULO
Título La peinture en Europe
9 (RLIN) 13030
500 ## - NOTA GENERAL
Nota general Incluye índice alfabético de los autores
500 ## - NOTA GENERAL
Nota general Con ex-libris de: Dr. P. J. Meier
500 ## - NOTA GENERAL
Nota general Incluye cien fotografías y seis grabados de los barrios de Venecia
500 ## - NOTA GENERAL
Nota general Estado físico: algunas hojas arrugadas y rotas
500 ## - NOTA GENERAL
Nota general E10
504 ## - NOTA DE BIBLIOGRAFÍA, ETC.
Nota de bibliografía, etc. Bibliografía: p. [xxi]-xxiii
650 14 - PUNTO DE ACCESO ADICIONAL DE MATERIA--TÉRMINO DE MATERIA
Término de materia o nombre geográfico como elemento de entrada Pintura
Subdivisión geográfica Venecia
9 (RLIN) 13031
700 1# - PUNTO DE ACCESO ADICIONAL--NOMBRE DE PERSONA
Nombre de persona Richtenberger, Eugéne
9 (RLIN) 13032
902 ## - CATALOGADOR
Iniciales GFM
942 ## - ELEMENTOS DE PUNTO DE ACCESO ADICIONAL (KOHA)
Fuente del sistema de clasificación o colocación Library of Congress Classification
Tipo de ítem Koha Libros
Holdings
Estado de retiro Estado de pérdida Estado dañado No para préstamo Localización permanente Ubicación/localización actual Fecha de adquisición Número de inventario Total de préstamos Signatura topográfica completa Código de barras Fecha visto por última vez Precio válido a partir de Tipo de ítem Koha
El ejemplar forma parte de la colección y puede ser consultado según las políticas vigentes.       Biblioteca del Museo Franz Mayer (Rogerio Casas-Alatriste) Biblioteca del Museo Franz Mayer (Rogerio Casas-Alatriste) 18/11/2010 E10   ND621.V4 .L34 1895 (E10) 5335 22/03/2019 22/03/2019 Libros